000 01686cam a2200445 a 4500
001 z9livm b1427624
003 OSt
005 20251205021413.0
008 060703s2007 nyua b 000 1 eng
010 _a2006017718
020 _a9780805079234 :
020 _a0805079238
020 _a9780805079241
_qpaperback
020 _a0805079246
_qpaperback
020 _a9781428734357
_qBWI bdg.
020 _a142873435X
_qBWI bdg.
040 _aLIV
_beng
_cLIV
090 _ajBC
_bMELVIN 4
245 0 0 _aMelvin Beederman, superhero :
_bTerror in tights /
_cGreg Trine ; illustrated by Rhode Montijo.
246 3 0 _aTerror in tights.
250 _aFirst edition.
264 1 _aNew York :
_bHenry Holt,
_c2007.
300 _a138 pages :
_billustrations ;
_c20 cm.
336 _atext
_btxt
_2rdacontent.
337 _aunmediated
_bn
_2rdamedia.
338 _avolume
_bnc
_2rdacarrier.
490 0 _aMelvin Beederman, superhero.
490 0 _aMelvin Beederman, superhero ;
_v4.
520 _aWhen Los Angeles superhero Melvin Beederman starts receiving mysterious, threatening emails, he and Candace, his partner in uncrime, must figure out who is out to get him and then do something about it.
521 8 _a610L
_bLexile.
521 3 _aDecoding demand: 85 (very high)
_aSemantic demand: 98 (very high)
_aSyntactic demand: 82 (very high)
_aStructure demand: 86 (very high)
_bLexile.
526 0 _aAccelerated Reader AR
_bLG
_c3.7
_d1
_z114689.
650 1 _aHeroes
_vFiction.
650 1 _aHumorous stories.
651 1 _aLos Angeles (Calif.)
_vFiction.
655 7 _aFiction.
_2lcgft.
700 1 _aTrine, Greg.
700 1 _aMontijo, Rhode,
_eillustrator.
942 _2ddc
_cBK
999 _c31357
_d31355